Country Compass - Germany - Statistics

General Stats
  • This quiz has been taken 22 times
  • The average score is 14 of 15
Answer Stats
Country % Correct
Russia
100%
Sweden
100%
Belarus
95%
Bulgaria
95%
Finland
95%
Norway
95%
Romania
95%
Spain
95%
Ukraine
95%
Ireland
90%
Italy
90%
Albania
86%
Estonia
86%
Moldova
81%
North Macedonia
81%
No matching quizzes found
Score Distribution
Percent of People with Each Score
Percentile by Number Answered
Your Score History
You have not taken this quiz